01477nam a2200421 a 450000500170000000800410001702000150005804100080007310000200008124500770010125000640017826000540024230000590029650001410035565300120049665300340050865300120054265300550055465300120060965300110062165300400063265300120067265300140068465300110069865300280070965300120073765300280074965300090077765300230078665300340080965300330084365300360087665300210091265300280093365300240096165300450098570000250103020240417101907.0141117t2004||||sp a f |||| 001 0 spa d a8479037830 aspa1 aHofer, Matthias aCurso básico de ecografía.bManual de iniciación /cMatthias Hofer a4a ed. ampliada y revisadabTraducción Lorenzo A. Facorro aMadrid: bEditorial Médica Panamericana;c2004. a106 p.b406 figuras con 471 ilustraciones individuales aHofer, M. y Reihs, T. (2004). Curso básico de ecografía. Manual de iniciación. (4a ed.). Madrid : Editorial Médica Panamericana. aAbdomen aRetroperitoneo. Plano sagital aAbdomen aCorte transversal del abdomen superior, páncreas aAbdomen aHigado aVesícula biliar y vías biliares aAbdomen aRiñón aVejiga aRiñón transplantado aAbdomen aTracto gastrointestinal aBazo aÓrganos sexuales aÓrganos sexuales masculinos aÓrganos sexuales femeninos aDiagnóstico de malformaciones aCabeza y cuello aCalota en los lactantes aGlándula tiroides aPediatría. Articulación de la cadera1 aReihs, TatjanadCol.